All Teams Ever Played For By Ivan Perišić - Statistics

General Stats
  • This quiz has been taken 49 times
  • The average score is 6 of 11
Answer Stats
Years Answer % Correct
2015-2022 Inter Milan
98%
2022-2024 Tottenham Hotspur
88%
2019-2020(loan) Bayern Munich
86%
2024(loan) Hajduk Split
74%
2024- PSV Eindhoven
60%
2011-2013 Borussia Dortmund
57%
2013-2015 VfL Wolfsburg
52%
2011- Croatia
50%
2009-2011 Club Brugge
24%
2006-2009 Sochaux II
12%
2009(loan) Roeselare
10%
No matching quizzes found
Score Distribution
Percent of People with Each Score
Percentile by Number Answered
Your Score History
You have not taken this quiz